Consideraciones y comentarios a la ley de contratos del Estado y su reglamento. En orden a su aplicación a la contratación de los Ejércitos.
Saved in:
| Hovedforfatter: | |
|---|---|
| Format: | Bog |
| Sprog: | engelsk |
| Udgivet: |
Madrid, España:
[Artes Gráficas Luis Pérez];
1979.
|
| Udgivelse: | Primera edición. |
| Fag: | |
| Tags: |
Tilføj Tag
Ingen Tags, Vær først til at tagge denne postø!
|
MARC
| LEADER | 00000nam a22000007a 4500 | ||
|---|---|---|---|
| 003 | CL-VaPUC | ||
| 005 | 20241204103902.0 | ||
| 008 | 241129t1979 ||||| |||| 00| 0 eng d | ||
| 999 | |c 445986 |d 445984 | ||
| 020 | |a 84-300-0585-4 | ||
| 040 | |c Pontificia Universidad Católica de Valparaíso | ||
| 082 | |2 1979 |a 343.46016212 MIR 1979 | ||
| 100 | |9 894279 |a Miranda González, Juan |e autor | ||
| 245 | |a Consideraciones y comentarios a la ley de contratos del Estado y su reglamento. |b En orden a su aplicación a la contratación de los Ejércitos. | ||
| 250 | |a Primera edición. | ||
| 260 | |a Madrid, España: |b [Artes Gráficas Luis Pérez]; |c 1979. | ||
| 300 | |a 236 páginas. | ||
| 500 | |a c.1 Donación. Memo DER N° 046. 28-12-2024. | ||
| 500 | |a Obra declarada de Utilidad y de Obligatoria adquisición para el Ejército por Orden de 27 de febrero de 1979 (D.O. núm. 53). | ||
| 583 | |c 20241129 |k Yessy Sthefany Diaz Vidal | ||
| 650 | 0 | |9 255504 |a Fuerzas Armadas |x Contratación del Estado |z España | |
| 650 | 0 | |9 323161 |a Ejércitos |x Contratos administrativos |z España | |
| 942 | |2 ddc |c BK | ||
| 952 | |0 0 |1 0 |2 ddc |4 0 |6 343_460162120000000_MIR_1979 |7 0 |8 A |9 598335 |a BIBDER |b BIBDER |d 2024-11-29 |e Donación |i 5663440 |o 343.46016212 MIR 1979 |p 5663440 |r 2024-11-29 |t 1 |w 2024-11-29 |y BK |k DER | ||